| 000 | 00449nam a2200181Ia 4500 | ||
|---|---|---|---|
| 001 | 2438 | ||
| 005 | 20260306144807.0 | ||
| 008 | 260306t2014||||xx |||||||||||||| ||spa|| | ||
| 041 | _aESP | ||
| 082 |
_a616.89 _bR93 |
||
| 100 |
_aRuiz Sánchez de León, José María _eAUT |
||
| 245 | 0 | _aNeuropsicología de la adicción | |
| 260 | _c2014 | ||
| 300 |
_axvii,189 páginas : _c24 cm. |
||
| 650 | _aGEN | ||
| 654 | _aCPS | ||
| 942 |
_cLIB _dJUS _fJUS _2ddc _n |
||
| 999 |
_c2438 _d2438 |
||